000 01187nam0a22003371 4500
001 RU\NLR\ONIZ\222878
005 20250626094700.0
035 _aRU\NLR\ONIZ\SOPHY\5000004564\20171227153620
035 _a(NLR Aleph) 011590800
090 _a10837022
_c10837022
100 _a20171227d1926 |||y0rusy50 ca
101 0 _arus
102 _aRU
105 _ay ||||000|y
200 1 _aМузыка после Октября
_fЛ. Сабанеев
210 _aМосква
_cРаботник просвещения
_d1926
215 _a165, [1] с.
_d21 см
606 1 _aИстория музыки
_yРоссия
_z20 в.
_2nlr_sh
606 1 _aИстория музыки
_yСССР
_2nlr_sh
686 _aЩ31г
_vLBC/SL
_2rubbk
686 _aЩ313(2)71
_vLBC/SL
_2rubbk
700 1 _9z03790
_aСабанеев
_bЛ. Л.
_f1881-1968
_gЛеонид Леонидович
_4070
_7ca
790 1 _9z03700
_aSabaneev
_bL. L.
_f1881-1968
_gLeonid Leonidovič
_4070
_7ba
801 0 _aRU
_bNLR
_c20171227
_gPSBO
801 1 _aRU
_bNLR
_c20171227
_2rusmarc
801 2 _aRU
_bNLR
_c20180205
852 _aNLR
_bМс
_j52/С.120
_pАэ 11421
_t1
942 _cBOOK
980 _aNB
980 _aONIZ